[Event "GBR-ch106"]
[Site "Torquay"]
[Date "2019.07.29"]
[Round "3.12"]
[White "Williams, Simon K"]
[Black "Storey, Charles H"]
[Result "1-0"]
[WhiteElo "2468"]
[BlackElo "2261"]
[PlyCount "155"]
[EventDate "2019.07.27"]
[EventType "swiss"]
[EventRounds "9"]
[EventCountry "GBR"]

1. d4 g6 2. h4 Nf6 3. Nc3 c5 4. d5 d6 5. e4 Bg7 6. Bb5+ Bd7 7. a4 Bxb5 8. axb5
Nbd7 9. Nf3 Qb6 10. Nd2 Qc7 11. Nc4 Nb6 12. Ne3 O-O 13. h5 Rfe8 14. hxg6 fxg6
15. Kf1 Qd7 16. g4 Rf8 17. Kg1 Ne8 18. Qf1 Be5 19. Qh3 Rf7 20. g5 Qxh3 21. Rxh3
Bxc3 22. bxc3 Nc7 23. Ng4 Kf8 24. Rb1 Nc4 25. f4 Ke8 26. Rh4 Kd7 27. Kg2 a6 28.
bxa6 b5 29. Ra1 Ra7 30. Kf3 Rxa6 31. Rxa6 Nxa6 32. Ke2 Nc7 33. Kd3 Kc8 34. Ne3
Nb6 35. c4 bxc4+ 36. Nxc4 Nd7 37. Bb2 Na6 38. Ne3 Nb4+ 39. Kd2 Nb6 40. c3 Na6
41. c4 Nd7 42. Ke2 Nc7 43. f5 Nf8 44. Rh1 Ne8 45. Ng4 Nd7 46. Rf1 Rf8 47. Ke3
gxf5 48. exf5 Nb6 49. Kd3 Rg8 50. f6 exf6 51. gxf6 Nxf6 52. Nxf6 Rg3+ 53. Ke4
Nxc4 54. Bc1 Rg7 55. Bf4 Re7+ 56. Kd3 Nb2+ 57. Kc3 Na4+ 58. Kb3 Nb6 59. Rh1 c4+
60. Kc2 Re2+ 61. Kc3 Rf2 62. Rh4 Rf3+ 63. Kd4 Rd3+ 64. Ke4 Rd1 65. Bxd6 Na4 66.
Ke5 Re1+ 67. Kf5 Rf1+ 68. Ke6 Re1+ 69. Be5 Nc5+ 70. Kf5 Rc1 71. Ne4 Rf1+ 72.
Bf4 Nxe4 73. Kxe4 c3 74. Rxh7 Kd8 75. Rh2 Ra1 76. Rc2 Ra4+ 77. Ke5 Rc4 78. Be3
1-0

[Event "GBR-ch106"]
[Site "Torquay"]
[Date "2019.07.29"]
[Round "3.17"]
[White "Claridge-Hansen, William"]
[Black "Player, Edmund C"]
[Result "1-0"]
[WhiteElo "2297"]
[BlackElo "2202"]
[PlyCount "163"]
[EventDate "2019.07.27"]
[EventType "swiss"]
[EventRounds "9"]
[EventCountry "GBR"]

1. c4 c5 2. Nf3 Nc6 3. g3 g6 4. Bg2 Bg7 5. Nc3 e6 6. d4 cxd4 7. Nb5 d6 8. Nfxd4
Nxd4 9. Nxd4 a6 10. O-O Ne7 11. b3 O-O 12. Bb2 Qc7 13. Qd2 Rd8 14. Rac1 Bd7 15.
Rfd1 Be8 16. h4 Rd7 17. Bh3 Nf5 18. Nxf5 gxf5 19. Bxg7 Kxg7 20. Qg5+ Kf8 21.
Qh6+ Kg8 22. g4 fxg4 23. Bxg4 f5 24. Qxe6+ Kh8 25. Qxf5 Rg7 26. h5 Bd7 27. Qf6
Qd8 28. Qxd8+ Rxd8 29. f3 Bxg4 30. fxg4 Rxg4+ 31. Kf2 Rf8+ 32. Ke3 Re8+ 33. Kf3
Rge4 34. Rc2 R4e6 35. Rd4 Kg7 36. Rg4+ Kh6 37. e4 Re5 38. Rd2 R8e6 39. Rd5 b5
40. cxb5 axb5 41. Rf4 b4 42. Rxe5 Rxe5 43. Rf6+ Kxh5 44. Rxd6 Kg5 45. Rd2 h5
46. Rg2+ Kf6 47. Kf4 h4 48. Rh2 Rh5 49. Kg4 Rg5+ 50. Kxh4 Rg8 51. Rc2 Ke5 52.
Rc4 Ra8 53. Kg4 Rxa2 54. Kf3 Rh2 55. Rxb4 Rh3+ 56. Ke2 Rc3 57. Kd2 Rc8 58. Kd3
Rd8+ 59. Kc3 Rd1 60. Rc4 Rh1 61. Kb4 Rh8 62. Ka3 Ra8+ 63. Kb4 Rb8+ 64. Kc3 Rh8
65. Kb2 Rg8 66. b4 Rg3 67. b5 Kd6 68. b6 Rg7 69. Kc3 Rb7 70. Rb4 Kc5 71. Rb1
Kc6 72. Kc4 Kd7 73. Kd5 Kc8 74. e5 Rh7 75. b7+ Kb8 76. Kd6 Rh2 77. e6 Rd2+ 78.
Ke7 Re2 79. Kf7 Rf2+ 80. Ke8 Re2 81. e7 Re3 82. Rf1 1-0

[Event "GBR-ch106"]
[Site "Torquay"]
[Date "2019.07.29"]
[Round "3.21"]
[White "Taylor, Adam C"]
[Black "Yoon, Jacob D"]
[Result "1-0"]
[WhiteElo "2402"]
[BlackElo "1963"]
[PlyCount "101"]
[EventDate "2019.07.27"]
[EventType "swiss"]
[EventRounds "9"]
[EventCountry "GBR"]

1. Nf3 d5 2. g3 c6 3. Bg2 Bg4 4. c4 Nd7 5. cxd5 cxd5 6. Qa4 Ngf6 7. O-O e6 8.
d3 Bd6 9. Bf4 Qe7 10. Nc3 a6 11. Ne5 Bxe5 12. Bxe5 O-O 13. Bxf6 Nxf6 14. e4 b5
15. Qd4 e5 16. Nxd5 Nxd5 17. Qxd5 Rad8 18. Qc6 Qa7 19. Qc3 Rd4 20. Rfc1 Qd7 21.
Bf1 f5 22. Qc7 fxe4 23. Qxd7 Rxd7 24. h3 Bf3 25. dxe4 Rd2 26. Rc5 Re8 27. a4
Rxb2 28. axb5 axb5 29. Bxb5 Rb8 30. Bd3 Rd2 31. Bc4+ Kh8 32. Rxe5 h5 33. Rf5
Bxe4 34. Rxh5+ Bh7 35. Ra7 Rd6 36. Bd5 Rh6 37. Rxh6 gxh6 38. Ra8 Rxa8 39. Bxa8
Kg7 40. Kg2 Kf6 41. Kf3 Kg5 42. h4+ Kf6 43. g4 Bc2 44. Be4 Bb3 45. Kf4 Bd1 46.
g5+ hxg5+ 47. hxg5+ Kg7 48. Ke5 Bg4 49. f4 Kf8 50. Kf6 Bc8 51. Bd5 1-0

[Event "GBR-ch106"]
[Site "Torquay"]
[Date "2019.07.30"]
[Round "4.1"]
[White "Haria, Ravi"]
[Black "Adams, Michael"]
[Result "1/2-1/2"]
[WhiteElo "2430"]
[BlackElo "2690"]
[PlyCount "36"]
[EventDate "2019.07.27"]
[EventType "swiss"]
[EventRounds "9"]
[EventCountry "GBR"]

1. e4 e5 2. Nf3 Nc6 3. Nc3 Nf6 4. d4 exd4 5. Nxd4 Bb4 6. Nxc6 bxc6 7. Bd3 O-O
8. O-O Re8 9. Bg5 h6 10. Bh4 Be7 11. Re1 Rb8 12. Rb1 d6 13. f4 d5 14. Bxf6 Bxf6
15. e5 Bh4 16. Rf1 Be7 17. Qh5 Bf8 18. Ne2 g6 1/2-1/2

[Event "GBR-ch106"]
[Site "Torquay"]
[Date "2019.07.30"]
[Round "4.2"]
[White "Howell, David WL"]
[Black "Smith, Andrew P"]
[Result "1-0"]
[WhiteElo "2697"]
[BlackElo "2147"]
[PlyCount "73"]
[EventDate "2019.07.27"]
[EventType "swiss"]
[EventRounds "9"]
[EventCountry "GBR"]

1. d4 Nf6 2. Nf3 c5 3. d5 g6 4. Nc3 Bg7 5. e4 d6 6. Bb5+ Bd7 7. a4 O-O 8. h3
Bxb5 9. axb5 Nbd7 10. O-O a6 11. bxa6 Rxa6 12. Rxa6 bxa6 13. Qe2 Qa8 14. b3 Ne8
15. Bb2 Nc7 16. Na4 Rb8 17. Ra1 Rb4 18. Bxg7 Kxg7 19. Nb2 Qh8 20. Nc4 Kg8 21.
Re1 Qf6 22. Qd2 Kg7 23. Na5 Rb5 24. Nc6 h6 25. e5 dxe5 26. Nfxe5 Nxe5 27. Rxe5
c4 28. bxc4 Rb1+ 29. Re1 Rxe1+ 30. Qxe1 Kf8 31. Qa5 Ne8 32. Qxa6 Qf4 33. Qa7
Qf6 34. c5 Qg5 35. Qa1 Nf6 36. d6 e6 37. d7 1-0

[Event "GBR-ch106"]
[Site "Torquay"]
[Date "2019.07.30"]
[Round "4.8"]
[White "Eggleston, David J"]
[Black "Rocco, Federico"]
[Result "1-0"]
[WhiteElo "2399"]
[BlackElo "2157"]
[PlyCount "61"]
[EventDate "2019.07.27"]
[EventType "swiss"]
[EventRounds "9"]
[EventCountry "GBR"]

1. e4 c5 2. Nf3 d6 3. d4 cxd4 4. Nxd4 Nf6 5. Nc3 a6 6. h3 e5 7. Nde2 h5 8. g3
Be7 9. Bg2 Be6 10. a4 O-O 11. Be3 Nbd7 12. O-O Nb6 13. b3 d5 14. Bxb6 Qxb6 15.
Nxd5 Bxd5 16. exd5 Rfd8 17. c4 Rac8 18. a5 Qb4 19. Ra4 Qc5 20. Nc3 Bd6 21. Re1
Bc7 22. Ne4 Nxe4 23. Rxe4 Bxa5 24. Qxh5 Bd2 25. b4 Bxb4 26. Rh4 Kf8 27. Qxe5
Kg8 28. Rg4 Kf8 29. Qxg7+ Ke7 30. Re4+ Kd6 31. Qxf7 1-0

[Event "GBR-ch106"]
[Site "Torquay"]
[Date "2019.07.31"]
[Round "5.1"]
[White "Tan, Justin"]
[Black "Howell, David WL"]
[Result "1/2-1/2"]
[WhiteElo "2513"]
[BlackElo "2697"]
[PlyCount "121"]
[EventDate "2019.07.27"]
[EventType "swiss"]
[EventRounds "9"]
[EventCountry "GBR"]

1. e4 e6 2. d4 d5 3. Bd3 dxe4 4. Bxe4 Nf6 5. Bf3 c5 6. Ne2 Be7 7. Nbc3 O-O 8.
Be3 Qa5 9. O-O Nc6 10. Qe1 cxd4 11. Nxd4 Ne5 12. Qe2 Nxf3+ 13. Qxf3 Bd7 14.
Rfd1 Rfc8 15. h3 a6 16. Nb3 Qc7 17. Bf4 Qc6 18. Qe3 b5 19. Na5 Qc5 20. Qxc5
Bxc5 21. Be5 Be8 22. Nb7 Be7 23. Bd6 Kf8 24. Rd4 a5 25. Bxe7+ Kxe7 26. Nd6 Rc5
27. a3 Bc6 28. Rad1 Rb8 29. R1d2 b4 30. axb4 Rxb4 31. Nc8+ Kf8 32. Rd8+ Ne8 33.
Nd1 Rb8 34. Ne3 Bxg2 35. Nb6 Rxb6 36. Kxg2 Rxb2 37. R2d7 f5 38. Ra7 f4 39. Nf1
Rcxc2 40. Raa8 Rxf2+ 41. Kg1 g5 42. Rxe8+ Kf7 43. Rf8+ Kg6 44. Rxa5 h6 45. Re5
Rg2+ 46. Kh1 Rge2 47. Rxe2 Rxe2 48. Nh2 e5 49. Kg1 e4 50. Ng4 Kh5 51. Kf1 f3
52. Ne5 Rh2 53. Ng4 Rxh3 54. Nf2 Rh2 55. Nxe4 g4 56. Rf6 Ra2 57. Re6 Rb2 58.
Rd6 Rb4 59. Re6 Rb2 60. Rd6 Rb4 61. Re6 1/2-1/2

[Event "GBR-ch106"]
[Site "Torquay"]
[Date "2019.07.31"]
[Round "5.3"]
[White "Williams, Simon K"]
[Black "Haria, Ravi"]
[Result "1-0"]
[WhiteElo "2468"]
[BlackElo "2430"]
[PlyCount "69"]
[EventDate "2019.07.27"]
[EventType "swiss"]
[EventRounds "9"]
[EventCountry "GBR"]

1. d4 e6 2. Nf3 Nf6 3. e3 d5 4. Bd3 Bd6 5. O-O O-O 6. b3 b6 7. Ne5 Bb7 8. Bb2
Nbd7 9. Nd2 Qe7 10. Qf3 Ba3 11. Bxa3 Qxa3 12. Qh3 g6 13. f4 Qe7 14. Ndf3 Nxe5
15. fxe5 Nd7 16. Qg3 f6 17. exf6 Nxf6 18. Ne5 Qg7 19. Qh3 Rae8 20. Rf2 Bc8 21.
Raf1 Nh5 22. g4 Rxf2 23. Rxf2 Nf6 24. g5 Nh5 25. Be2 Rf8 26. Bxh5 gxh5 27. Qxh5
Ba6 28. Qg4 Rxf2 29. Kxf2 Qf8+ 30. Qf3 Qe8 31. Qf6 Qh5 32. Qxe6+ Kf8 33. Nd7+
Kg7 34. Qf6+ Kg8 35. Qf8# 1-0

[Event "GBR-ch106"]
[Site "Torquay"]
[Date "2019.07.31"]
[Round "5.4"]
[White "Pert, Richard G"]
[Black "Eggleston, David J"]
[Result "1/2-1/2"]
[WhiteElo "2430"]
[BlackElo "2399"]
[PlyCount "100"]
[EventDate "2019.07.27"]
[EventType "swiss"]
[EventRounds "9"]
[EventCountry "GBR"]

1. e4 c5 2. Nc3 a6 3. g3 b5 4. Bg2 Bb7 5. Nge2 e6 6. O-O Nf6 7. a3 d6 8. d4
cxd4 9. Nxd4 Qc7 10. Re1 Be7 11. a4 bxa4 12. Rxa4 Nbd7 13. Nb3 Nb6 14. Rb4 e5
15. Na4 Nxa4 16. Rxa4 Bc6 17. Rc4 Qd7 18. Rc3 O-O 19. Na5 Bb5 20. Nc4 Qe6 21.
Ne3 g6 22. h4 Rfc8 23. Rxc8+ Qxc8 24. Kh2 a5 25. Nd5 Nxd5 26. exd5 Bd7 27. c3
Bf6 28. h5 a4 29. Qf3 Qd8 30. Bh3 Bxh3 31. Kxh3 Bg5 32. Kg2 Rb8 33. Qe2 Kg7 34.
Qc2 Bxc1 35. Qxc1 Qf6 36. h6+ Kg8 37. Re4 Ra8 38. Qd1 Qg5 39. Rxa4 Rxa4 40.
Qxa4 Qxh6 41. Qd7 g5 42. Qf5 Qg6 43. Qxg6+ fxg6 44. b4 Kf7 45. Kf3 h5 46. c4
Ke7 47. c5 Kd7 48. Ke4 Kc7 49. Kf3 Kd7 50. Ke4 Kc7 1/2-1/2

[Event "GBR-ch106"]
[Site "Torquay"]
[Date "2019.07.31"]
[Round "5.5"]
[White "Smith, Andrew P"]
[Black "Wadsworth, Matthew J"]
[Result "0-1"]
[WhiteElo "2147"]
[BlackElo "2418"]
[PlyCount "66"]
[EventDate "2019.07.27"]
[EventType "swiss"]
[EventRounds "9"]
[EventCountry "GBR"]

1. e4 e6 2. d4 d5 3. Nc3 Bb4 4. e5 c5 5. a3 Bxc3+ 6. bxc3 Qa5 7. Bd2 Qa4 8. Qg4
Kf8 9. Qd1 b6 10. dxc5 bxc5 11. c4 Ne7 12. cxd5 exd5 13. c4 Qxd1+ 14. Rxd1 d4
15. Ba5 Na6 16. Bd3 Nc6 17. Bd2 Nxe5 18. Be4 Rb8 19. Bf4 f6 20. Nf3 Nxf3+ 21.
Bxf3 Rb6 22. O-O g5 23. Bg3 Bf5 24. Rfe1 h5 25. h4 g4 26. Bd5 Rh7 27. Re2 Nc7
28. Rde1 d3 29. Rd2 Nxd5 30. cxd5 Rhb7 31. Kh2 Kf7 32. Rc1 Rb2 33. Bf4 Rc2 0-1

[Event "GBR-ch106"]
[Site "Torquay"]
[Date "2019.07.31"]
[Round "5.6"]
[White "Pert, Nicholas"]
[Black "Houska, Jovanka"]
[Result "1/2-1/2"]
[WhiteElo "2563"]
[BlackElo "2422"]
[PlyCount "60"]
[EventDate "2019.07.27"]
[EventType "swiss"]
[EventRounds "9"]
[EventCountry "GBR"]

1. d4 d5 2. c4 e6 3. Nf3 Nf6 4. Nc3 Nbd7 5. Bf4 dxc4 6. e3 b5 7. Nxb5 Bb4+ 8.
Nd2 Nd5 9. Bg3 a6 10. Nc3 c5 11. Rc1 cxd4 12. exd4 Bb7 13. Nxc4 O-O 14. Be2 f5
15. f3 N7b6 16. Qd2 Rc8 17. Nxb6 Qxb6 18. O-O f4 19. Bf2 Qa5 20. a3 Bxc3 21.
bxc3 Nxc3 22. Be1 Nxe2+ 23. Qxe2 Qd5 24. Bf2 Rxc1 25. Rxc1 Rc8 26. Re1 Kf7 27.
Qd2 Qf5 28. Re5 Qb1+ 29. Re1 Qf5 30. Re5 Qb1+ 1/2-1/2

[Event "GBR-ch106"]
[Site "Torquay"]
[Date "2019.07.31"]
[Round "5.7"]
[White "D'Costa, Lorin"]
[Black "Gordon, Stephen J"]
[Result "0-1"]
[WhiteElo "2396"]
[BlackElo "2516"]
[PlyCount "82"]
[EventDate "2019.07.27"]
[EventType "swiss"]
[EventRounds "9"]
[EventCountry "GBR"]

1. e4 c5 2. Nc3 Nc6 3. Nf3 e5 4. Bc4 d6 5. d3 Be7 6. O-O Nf6 7. Ng5 O-O 8. f4
Bg4 9. Nf3 exf4 10. Bxf4 Nd4 11. Kh1 Qd7 12. Qd2 Nxf3 13. gxf3 Be6 14. Bb3 b5
15. Rg1 Kh8 16. Qg2 g6 17. Bh6 Rg8 18. f4 c4 19. dxc4 Bxc4 20. Rad1 Qc7 21. Rd4
Rab8 22. Bg5 Bxb3 23. axb3 b4 24. Nd1 Nh5 25. Rc4 Qb7 26. Ne3 Rgc8 27. Nd5 Rxc4
28. bxc4 Bxg5 29. fxg5 b3 30. c3 Qc8 31. Qe2 Qe6 32. Qf3 Kg7 33. Ra1 Rb7 34.
Ra6 Qe5 35. Qe3 Kg8 36. Rc6 f6 37. gxf6 Nxf6 38. Kg1 Ng4 39. Qe2 Qg5 40. Rxd6
Rf7 41. Rd8+ Kg7 0-1

[Event "GBR-ch106"]
[Site "Torquay"]
[Date "2019.07.31"]
[Round "5.8"]
[White "Pigott, John C"]
[Black "Emms, John M"]
[Result "1/2-1/2"]
[WhiteElo "2384"]
[BlackElo "2481"]
[PlyCount "94"]
[EventDate "2019.07.27"]
[EventType "swiss"]
[EventRounds "9"]
[EventCountry "GBR"]

1. c4 c5 2. Nc3 g6 3. g3 Bg7 4. Bg2 Nc6 5. Nf3 d6 6. O-O e6 7. b3 Nge7 8. Bb2
O-O 9. e3 e5 10. d3 h6 11. Ne1 Be6 12. Nd5 Qd7 13. Qd2 Rad8 14. Rc1 b6 15. Nc2
Bh3 16. Bxh3 Qxh3 17. e4 f5 18. f3 h5 19. Qg2 Qxg2+ 20. Kxg2 g5 21. h3 Kh7 22.
Rce1 Rf7 23. g4 f4 24. Bc3 Kg6 25. Na3 Bf6 26. Nb5 Rh7 27. Rh1 Nc8 28. Rb1 Rdh8
29. Rbf1 Bd8 30. Be1 a6 31. Na3 Rb7 32. Bf2 N8e7 33. Nc2 b5 34. Rb1 Ba5 35.
Rhd1 Ra8 36. Rh1 Nxd5 37. exd5 Nb4 38. Nxb4 Bxb4 39. Rhd1 a5 40. a4 bxa4 41.
bxa4 Rab8 42. Rb3 Rh7 43. Rh1 Rbh8 44. Rbb1 Kf7 45. Rbc1 Kf6 46. Rb1 Kg6 47.
Rbc1 Kf6 1/2-1/2

[Event "GBR-ch106"]
[Site "Torquay"]
[Date "2019.07.31"]
[Round "5.9"]
[White "Ashton, Adam G"]
[Black "Fernandez, Daniel H"]
[Result "1/2-1/2"]
[WhiteElo "2323"]
[BlackElo "2466"]
[PlyCount "112"]
[EventDate "2019.07.27"]
[EventType "swiss"]
[EventRounds "9"]
[EventCountry "GBR"]

1. e4 c6 2. d4 d5 3. e5 a6 4. Bd3 c5 5. c3 Nc6 6. Ne2 Bg4 7. f3 Bd7 8. O-O cxd4
9. cxd4 Nb4 10. Nbc3 Nxd3 11. Qxd3 e6 12. Be3 Rc8 13. Ng3 h5 14. Nge2 Qb6 15.
Rac1 Ne7 16. Bf2 Nc6 17. Na4 Qb5 18. Qxb5 axb5 19. Nb6 Rb8 20. Bh4 Bb4 21. Be1
Be7 22. f4 g6 23. Rf3 b4 24. a3 bxa3 25. bxa3 Bd8 26. Rb3 Na7 27. Nxd7 Kxd7 28.
Bb4 b6 29. Bd6 Rc8 30. Rxc8 Nxc8 31. Bb4 Na7 32. Kf2 Nc6 33. Ke3 f6 34. exf6
Bxf6 35. Bc3 Kc7 36. Ng1 g5 37. fxg5 Bxg5+ 38. Ke2 Ra8 39. Bb2 Bf6 40. Nf3 Na5
41. Rd3 Nc4 42. Bc1 Be7 43. Ne5 Bxa3 44. Bxa3 Rxa3 45. Nxc4 Rxd3 46. Kxd3 dxc4+
47. Kxc4 Kc6 48. g3 b5+ 49. Kd3 Kd5 50. h3 b4 51. g4 hxg4 52. hxg4 e5 53. dxe5
Kxe5 54. Kc4 Kf4 55. Kxb4 Kg5 56. Kc4 Kxg4 1/2-1/2

[Event "GBR-ch106"]
[Site "Torquay"]
[Date "2019.07.31"]
[Round "5.10"]
[White "Toma, Katarzyna"]
[Black "Arkell, Keith C"]
[Result "1-0"]
[WhiteElo "2229"]
[BlackElo "2461"]
[PlyCount "69"]
[EventDate "2019.07.27"]
[EventType "swiss"]
[EventRounds "9"]
[EventCountry "GBR"]

1. e4 g6 2. d4 Bg7 3. Nc3 c6 4. Nf3 d5 5. h3 dxe4 6. Nxe4 Nd7 7. Bd3 Ngf6 8. c3
O-O 9. O-O b6 10. Neg5 h6 11. Nxf7 Kxf7 12. Nh4 g5 13. Ng6 Re8 14. Ne5+ Kg8 15.
f4 gxf4 16. Bxf4 Nxe5 17. dxe5 Nd5 18. Bxh6 Bxh6 19. Qh5 Nf4 20. Rxf4 Qxd3 21.
Qxe8+ Kh7 22. Qxe7+ Kg8 23. Qf7+ Kh8 24. Rf3 Qd7 25. Qg6 Qg7 26. Qe8+ Qg8 27.
Qxc6 Be6 28. Rd1 Re8 29. Rd4 Re7 30. Rh4 Qg5 31. Qa8+ Kh7 32. Qe4+ Kg8 33. Kh2
Rg7 34. Rf6 Qg3+ 35. Kh1 1-0

[Event "GBR-ch106"]
[Site "Torquay"]
[Date "2019.07.31"]
[Round "5.11"]
[White "Taylor, Adam C"]
[Black "Storey, Charles H"]
[Result "1/2-1/2"]
[WhiteElo "2402"]
[BlackElo "2261"]
[PlyCount "140"]
[EventDate "2019.07.27"]
[EventType "swiss"]
[EventRounds "9"]
[EventCountry "GBR"]

1. d4 g6 2. e4 Bg7 3. Nc3 c5 4. dxc5 Bxc3+ 5. bxc3 Nf6 6. e5 Ne4 7. Bc4 Nxc5 8.
Qd5 Ne6 9. Be3 Nc6 10. Nf3 b6 11. O-O Bb7 12. Qd2 Qc7 13. Bd5 Na5 14. Rfd1 Bxd5
15. Qxd5 Qc6 16. Qxc6 Nxc6 17. Nd4 Rc8 18. a4 Nexd4 19. cxd4 Na5 20. Bd2 Nc4
21. a5 b5 22. a6 d5 23. Bb4 Kd7 24. Rd3 Rc7 25. Rf3 Ke6 26. h4 Rb8 27. Rb3 Kd7
28. h5 g5 29. g3 Rc6 30. Rf3 Ke6 31. Bc5 Rxc5 32. dxc5 Nxe5 33. Rb3 Kd7 34.
Rab1 Kc6 35. Re1 f6 36. f4 gxf4 37. gxf4 Rg8+ 38. Kf1 Nc4 39. Rxe7 Nd2+ 40. Ke2
Rg2+ 41. Kd3 Nxb3 42. cxb3 Kxc5 43. Rxa7 Rg3+ 44. Ke2 Kb6 45. Rxh7 Kxa6 46. b4
Rb3 47. Rf7 Rxb4 48. Rxf6+ Ka5 49. Kf3 Rb1 50. Rd6 Rf1+ 51. Kg4 b4 52. Rxd5+
Ka4 53. h6 Rg1+ 54. Kh5 b3 55. Rd7 b2 56. Ra7+ Kb3 57. Rb7+ Kc2 58. f5 b1=R 59.
Rxb1 Rxb1 60. f6 Rh1+ 61. Kg5 Rg1+ 62. Kf5 Rf1+ 63. Ke5 Re1+ 64. Kd5 Rd1+ 65.
Kc5 Rd7 66. h7 Rxh7 67. Kd5 Kd3 68. Ke6 Ke4 69. f7 Rh6+ 70. Ke7 Rh7 1/2-1/2

[Event "GBR-ch106"]
[Site "Torquay"]
[Date "2019.07.31"]
[Round "5.12"]
[White "Rocco, Federico"]
[Black "Lane, Gary W"]
[Result "0-1"]
[WhiteElo "2157"]
[BlackElo "2364"]
[PlyCount "76"]
[EventDate "2019.07.27"]
[EventType "swiss"]
[EventRounds "9"]
[EventCountry "GBR"]

1. e4 e5 2. Nf3 Nc6 3. Bb5 a6 4. Ba4 Nf6 5. d3 d6 6. c3 g6 7. O-O Bg7 8. Re1
O-O 9. Nbd2 b5 10. Bc2 Re8 11. d4 exd4 12. cxd4 Bb7 13. Bb1 Na5 14. b3 c5 15.
Bb2 Nh5 16. Nf1 Nc6 17. Qd2 cxd4 18. Nxd4 Qf6 19. Rd1 Nf4 20. Ng3 Rac8 21. Bc2
Nxd4 22. Bxd4 Qxd4 23. Qxf4 Qc5 24. Bd3 Bxa1 25. Rxa1 Qe5 26. Qxe5 dxe5 27. Kf1
Red8 28. Ke2 Kg7 29. f3 Rc3 30. Rd1 b4 31. Nf1 a5 32. Ne3 a4 33. Nc4 axb3 34.
axb3 Rxb3 35. Nxe5 Rc3 36. Rb1 f6 37. Rxb4 Ba8 38. Rc4 Rdxd3 0-1

[Event "GBR-ch106"]
[Site "Torquay"]
[Date "2019.07.31"]
[Round "5.13"]
[White "Bates, Richard A"]
[Black "Holland, Chris KD"]
[Result "1-0"]
[WhiteElo "2352"]
[BlackElo "2143"]
[PlyCount "81"]
[EventDate "2019.07.27"]
[EventType "swiss"]
[EventRounds "9"]
[EventCountry "GBR"]

1. d4 Nf6 2. Nf3 g6 3. g3 Bg7 4. c4 O-O 5. Bg2 d6 6. O-O Nc6 7. Nc3 Bf5 8. h3
Ne4 9. Nd5 Bd7 10. Ng5 Nxg5 11. Bxg5 Re8 12. Be3 Qc8 13. h4 e6 14. Nc3 Ne7 15.
Bg5 h6 16. Bd2 Kh7 17. e3 Rb8 18. h5 Rf8 19. hxg6+ fxg6 20. Rc1 Qe8 21. Ne4 Nf5
22. Bc3 d5 23. Nc5 Bc6 24. Bb4 Rf7 25. Qg4 b6 26. Nd3 h5 27. Qh3 dxc4 28. Rxc4
Bd5 29. Rcc1 Nh6 30. Nf4 Bxg2 31. Qxg2 e5 32. dxe5 Bxe5 33. Rc6 Rf6 34. Rfc1
Rxc6 35. Rxc6 Rd8 36. Qe4 Bxf4 37. Re6 Qg8 38. Re7+ Nf7 39. Qxf4 Kg7 40. Bc3+
Kf8 41. Rxc7 1-0

[Event "GBR-ch106"]
[Site "Torquay"]
[Date "2019.07.31"]
[Round "5.14"]
[White "Modi, Shyam Jagdish"]
[Black "Bradbury, Neil H"]
[Result "0-1"]
[WhiteElo "2098"]
[BlackElo "2322"]
[PlyCount "124"]
[EventDate "2019.07.27"]
[EventType "swiss"]
[EventRounds "9"]
[EventCountry "GBR"]

1. d4 Nf6 2. c4 e6 3. g3 d5 4. Nf3 Be7 5. Bg2 O-O 6. O-O c6 7. Qc2 b6 8. Nbd2
Bb7 9. e4 dxe4 10. Nxe4 Nbd7 11. Rd1 Nxe4 12. Qxe4 Nf6 13. Qc2 Qc8 14. c5 Rd8
15. Bg5 bxc5 16. dxc5 Qc7 17. Bf4 Qc8 18. Ng5 Rxd1+ 19. Rxd1 h6 20. Ne4 Nd5 21.
Bd6 Bd8 22. Nc3 a5 23. h4 Bf6 24. Ne4 Qd8 25. Bh3 Ba6 26. Bg2 Bc8 27. Qd2 Bd7
28. f4 a4 29. Be5 Be7 30. Qd4 Bf8 31. Bd6 Qa5 32. Bxf8 Rxf8 33. Nc3 Rb8 34.
Nxd5 exd5 35. Rd2 Re8 36. Kh2 Bf5 37. Bf3 Qb5 38. Qf2 Bd3 39. Kg2 Be4 40. Bxe4
Rxe4 41. f5 f6 42. Kh3 Qc4 43. a3 Qc1 44. Kg2 Qc4 45. Kg1 d4 46. Rc2 Qd5 47.
Re2 d3 48. Rd2 Qe5 49. Kf1 Re3 50. Qf4 Qxc5 51. Kg2 Qd5+ 52. Kf2 Re5 53. g4 Re4
54. Qf3 Qd4+ 55. Kg2 Rxg4+ 56. Kh3 Rxh4+ 57. Kg3 Re4 58. Rxd3 Qe5+ 59. Kh3 Rf4
60. Rd8+ Kh7 61. Qd3 Re4 62. Kg2 Qxf5 0-1

[Event "GBR-ch106"]
[Site "Torquay"]
[Date "2019.07.31"]
[Round "5.15"]
[White "Pein, Malcolm"]
[Black "Merriman, John"]
[Result "1-0"]
[WhiteElo "2312"]
[BlackElo "2226"]
[PlyCount "45"]
[EventDate "2019.07.27"]
[EventType "swiss"]
[EventRounds "9"]
[EventCountry "GBR"]

1. Nf3 d5 2. g3 Bg4 3. Bg2 Nd7 4. O-O Ngf6 5. b3 e5 6. Bb2 Bd6 7. d3 Qe7 8. c4
c6 9. Nbd2 O-O 10. e4 dxe4 11. dxe4 a5 12. a3 Rfd8 13. Qc2 Bc7 14. h3 Bh5 15.
Bc3 Nc5 16. b4 Nd3 17. c5 axb4 18. axb4 Rxa1 19. Rxa1 b6 20. Bf1 bxc5 21. Bxd3
cxb4 22. Bb2 h6 23. Ra7 1-0

[Event "GBR-ch106"]
[Site "Torquay"]
[Date "2019.07.31"]
[Round "5.18"]
[White "Ward, Chris G"]
[Black "Wall, Tim P"]
[Result "1-0"]
[WhiteElo "2418"]
[BlackElo "2246"]
[PlyCount "91"]
[EventDate "2019.07.27"]
[EventType "swiss"]
[EventRounds "9"]
[EventCountry "GBR"]

1. d4 Nf6 2. c4 c5 3. d5 b5 4. a4 Qa5+ 5. Bd2 b4 6. f3 d6 7. e4 e5 8. Bd3 Be7
9. Ne2 Qd8 10. a5 h5 11. Be3 h4 12. Nd2 Nbd7 13. Bc2 O-O 14. g3 Nh5 15. Nf1 Rb8
16. b3 Re8 17. g4 Nhf6 18. Bf2 Nh7 19. Ne3 Bg5 20. Nf5 Qf6 21. Ng1 g6 22. Ne3
Bh6 23. Ng2 g5 24. Ne3 Ndf8 25. Nf5 Bg7 26. Be3 Bh8 27. Qd2 Ng6 28. Qf2 Nf4 29.
Nxd6 Qxd6 30. Bxc5 Qa6 31. Bxa7 Rb7 32. Bb6 Nf6 33. Ne2 Bd7 34. Kd2 Bg7 35. Nc1
Reb8 36. Nd3 Nxd3 37. Bxd3 Bf8 38. c5 Bb5 39. Qe2 Bxd3 40. Qxd3 Qxd3+ 41. Kxd3
Nd7 42. c6 Rxb6 43. axb6 Nxb6 44. Rhc1 Bd6 45. c7 Rc8 46. Rc6 1-0

[Event "GBR-ch106"]
[Site "Torquay"]
[Date "2019.07.31"]
[Round "5.19"]
[White "Stoyanov, Viktor"]
[Black "Willow, Jonah B"]
[Result "1/2-1/2"]
[WhiteElo "2198"]
[BlackElo "2343"]
[PlyCount "161"]
[EventDate "2019.07.27"]
[EventType "swiss"]
[EventRounds "9"]
[EventCountry "GBR"]

1. d4 Nf6 2. Nf3 e6 3. e3 b6 4. Bd3 Bb7 5. O-O Be7 6. c4 O-O 7. Nc3 c5 8. d5
exd5 9. cxd5 d6 10. e4 Nbd7 11. h3 Re8 12. Bf4 a6 13. a4 Bf8 14. Qd2 Rc8 15.
Rfe1 c4 16. Bc2 Ne5 17. Nd4 Nfd7 18. Re3 Ng6 19. Bh2 Qg5 20. Kh1 Nc5 21. Nf5
Qf6 22. Rf3 Nh4 23. Nxh4 Qxh4 24. Re1 g6 25. Bf4 Qd8 26. Bg5 Be7 27. Bh6 Nd7
28. Rfe3 Bg5 29. Bxg5 Qxg5 30. Qd4 Qe5 31. Qxe5 dxe5 32. Rd1 Nc5 33. Re2 Red8
34. Kg1 Ba8 35. f3 Rb8 36. Ra1 Rdc8 37. Nd1 Kg7 38. Ne3 Nb7 39. g4 h6 40. h4
Nd6 41. g5 h5 42. Bd1 Bb7 43. Rc2 b5 44. Be2 Kf8 45. Rcc1 Ke7 46. Kf2 Kd8 47.
Ke1 Ke7 48. Kd2 f6 49. gxf6+ Kxf6 50. Rg1 Rc7 51. axb5 axb5 52. Ra7 b4 53. Rc1
Nb5 54. Ra4 c3+ 55. bxc3 bxc3+ 56. Ke1 Nd4 57. Bd1 g5 58. hxg5+ Kxg5 59. Ra2
Kf4 60. Kf2 Rbc8 61. Ng2+ Kg5 62. d6 Rd7 63. Ra5 Kf6 64. f4 Nc6 65. fxe5+ Nxe5
66. Nf4 h4 67. Nh5+ Ke6 68. Bb3+ Kxd6 69. Rd1+ Kc7 70. Rxe5 Rxd1 71. Bxd1 Kd6
72. Rb5 c2 73. Bxc2 Rxc2+ 74. Ke3 Rc5 75. Rxb7 Rxh5 76. Rb2 h3 77. Rh2 Ke5 78.
Kf3 Rh8 79. Kg3 Kxe4 80. Rxh3 Rxh3+ 81. Kxh3 1/2-1/2

[Event "GBR-ch106"]
[Site "Torquay"]
[Date "2019.08.01"]
[Round "6.1"]
[White "Tan, Justin"]
[Black "Adams, Michael"]
[Result "1/2-1/2"]
[WhiteElo "2513"]
[BlackElo "2690"]
[PlyCount "38"]
[EventDate "2019.07.27"]
[EventType "swiss"]
[EventRounds "9"]
[EventCountry "GBR"]

1. e4 e5 2. Nf3 Nc6 3. Nc3 Nf6 4. d4 exd4 5. Nxd4 Bb4 6. Nxc6 bxc6 7. Bd3 d5 8.
exd5 cxd5 9. O-O O-O 10. h3 Rb8 11. Qf3 d4 12. Ne4 Nxe4 13. Bxe4 Bd6 14. Rd1
Re8 15. Bd5 Be6 16. Bc6 Bd7 17. Bd5 Be6 18. Bc6 Bd7 19. Bd5 Be6 1/2-1/2